000 00294nam a22001337a 4500
008 171031b xxu||||| |||| 00| 0 eng d
020 _a9789992701942
041 _aALB
080 _22 ED
_a33
100 _a59
101 _aBUS
245 _aBIZNESI NDERKOMBETAR
_cKRISTO.I
942 _2udc
_cBK
999 _c36822
_d36822